| 000 | 00577nam a22001817a 4500 | ||
|---|---|---|---|
| 005 | 20140908105200.0 | ||
| 010 | _aENG-110763 | ||
| 020 |
_a9788183875059 _c795.00 |
||
| 035 | _aEN-94295 | ||
| 037 | _bDBAD/PUB | ||
| 082 | _a327.1720954 | ||
| 100 | _aSuresh R. | ||
| 245 |
_aPeace in the Indian ocean : _c by Suresh R. _ba South Asian perspective / |
||
| 260 |
_aNew Delhi _bSerials Publications _c2012 |
||
| 270 |
_a4830/24, Prahlad street, Ansari Road, Darya Ganj _bNew Delhi _e110002 |
||
| 300 |
_ax,227p. _c22cm(Hb) |
||
| 942 |
_2ddc _cEN _h327.1720954 _mSUR |
||
| 999 |
_c88355 _d88355 |
||